000
00317nam a2200133Ia 4500
005
20260328101520.0
008
260328s9999||||xx |||||||||||||| ||und||
100
_a
Niemeyer, Oscar
245
0
_a
Mon experience a Brasilia /
_c
Oscar Niemeyer
260
_b
----
300
_a
83 p.
650
_a
ARQUITECTOS
942
_c
BK
999
_c
9557
_d
9557